Largest Peninsulas in the World - Statistics

General Stats
  • This quiz has been taken 137 times
  • The average score is 9 of 15
Answer Stats
Area (sq miles) Peninsula % Correct
1,250,006 Arabian Peninsula
93%
224,711 Iberian Peninsula
82%
800,004 Deccan Peninsula
81%
726,975 Horn of Africa
72%
50,709 Italian Peninsula
72%
289,577 Scandinavian Peninsula
72%
65,755 Florida
69%
85,270 Korean Peninsula
69%
257,414 Balkan Peninsula
61%
55,363 Baja California
58%
748,553 Indochina
56%
540,543 Labrador Peninsula
47%
579,153 Alaskan Peninsula
45%
38,610 Kola Peninsula
23%
40,162 Lower Peninsula of Michigan
2%
No matching quizzes found
Score Distribution
Percent of People with Each Score
Percentile by Number Answered
Your Score History
You have not taken this quiz